| 000 | 00995nam a2200229Ia 4500 | ||
|---|---|---|---|
| 999 |
_c37472 _d37472 |
||
| 001 | 3433 | ||
| 003 | GE_BSU | ||
| 005 | 20190614161304.0 | ||
| 008 | 181216s2002||||ge |||||||||||||| ||geo|| | ||
| 040 | _cGE_BSU | ||
| 041 | _ageo | ||
| 080 | _a63(075.8) ზ–33 | ||
| 100 |
_aზარდალიშვილი, ო . _92501 |
||
| 245 |
_aაგრონომიის საფუძვლები : _bსახელმძღვანელო / _cო. ზარდალიშვილი, გ. ცაგურიშვილი, ჯ. მინდელი; რედ. ზ. ბურდილაძე. |
||
| 264 |
_aთბილისი, _c2002 |
||
| 300 |
_a145 გვ. ; _b20 სმ. |
||
| 653 | _aაგრონომია | ||
| 700 |
_aცაგურიშვილი, გ. _eავტორი _92502 |
||
| 700 |
_aმინდელი, ჯ. _eავტორი _92503 |
||
| 700 |
_aბურდილაძე, ზ. _eრედაქტორი _92504 |
||
| 942 |
_cBK _2udc |
||